000 00877cam a2200217 4500
001 ABS65383
008 020508n2002 000 0 eng u
035 _a(Sirsi) u117884
110 _aHays Montrose
_91032
245 _aSalary survey: opportunity knocks
260 _c2002
490 _aPremises and Facilities Management
_v April 2002, 25-26(2)
520 _aReviews the results of the PFM/Hays Montrose salary survey 2002. Concludes that facilities managers have excellent prospects with the right qualifications and experience, with demand outstripping supply among house teams and service providers, Tables. Questionnaire is available onlin at http://www.integratedfm.net/pfm
590 _aABS
650 _aSALARY SURVEYS
650 _aSALARIES
650 _aFACILITIES MANAGERS
690 _aMANAGEMENT-FACILITIES MANAGEMENT
710 _aPFM
942 _n0
999 _c70207
_d70207